Sudden Death - Nachbarländer Russlands - Statistiken

Allgemein
  • Dieses Quiz wurde 510 mal gespielt
  • Das Durchschnittsergebnis liegt bei 7 aus 14
Answers on the Grid
Answers color-coded by a green-red scale on the quiz's grid according to % correct below.
Finnland🇫🇮
Norwegen🇳🇴
Estland🇪🇪
Lettland🇱🇻
Litauen🇱🇹
Belarus🇧🇾
Ukraine🇺🇦
Georgien🇬🇪
Aserbaidschan🇦🇿
Polen🇵🇱
Kasachstan🇰🇿
China🇨🇳
Mongolei🇲🇳
Nordkorea🇰🇵
Armenien🇦🇲
Südkorea🇰🇷
Tadschikistan🇹🇯
Turkmenistan🇹🇲
Ungarn🇭🇺
Nepal🇳🇵
Kirgisistan🇰🇬
Türkei🇹🇷
Moldau🇲🇩
Rumänien🇷🇴
Tschechien🇨🇿
USA🇺🇸
Griechenland🇬🇷
Syrien🇸🇾
Schweden🇸🇪
Slowakei🇸🇰
Dänemark🇩🇰
Usbekistan🇺🇿
 
Antwortstatistiken
Antwort % Korrekt
Ukraine🇺🇦
69%
China🇨🇳
64%
Belarus🇧🇾
59%
Finnland🇫🇮
58%
Mongolei🇲🇳
57%
Estland🇪🇪
55%
Nordkorea🇰🇵
55%
Kasachstan🇰🇿
52%
Litauen🇱🇹
51%
Lettland🇱🇻
48%
Georgien🇬🇪
46%
Polen🇵🇱
43%
Norwegen🇳🇴
41%
Aserbaidschan🇦🇿
32%
Keine übereinstimmenden Quizze gefunden
Verteilung der Resultate
Anzahl Personen mit jedem Resultat
Perzentil nach korrekt beantworteten Fragen
Ihre Resultats-Entwicklung
Sie haben dieses Quiz noch nicht gespielt